Darterzy, którzy zakwalifikowali się do finałowego etapu Q-School 2025 - Statystyki

Ogólne statystyki
  • Ten quiz został rozwiązany 11 razy
  • Średni wynik to 6 z 106
Statystyki odpowiedzi
Kraj Zawodnik % Poprawnych
Polska Krzysztof Kciuk
82%
Polska Tytus Kanik
64%
Niemcy Max Hopp
45%
Polska Mirosław Grudziecki
45%
Niemcy Kai Gotthardt
27%
Szwecja Oskar Lukasiak
27%
Czechy Vitezslav Sedlak
27%
Belgia Xanti Van den Bergh
27%
Holandia Angelo Balsamo
18%
Hiszpania Angel Rodriguez
18%
Słowenia Benjamin Pratnemer
18%
Nowa Zelandia Ben Robb
18%
Austria Rusty-Jake Rodriguez
18%
Japonia Yoshihisa Baba
18%
Niemcy Arno Merk
9%
Norwegia Cor Dekker
9%
Czechy Dalibor Smolik
9%
Łotwa Dmitriy Zhukov
9%
Węgry Gyorgy Jehirszki
9%
Holandia Jamai van den Herik
9%
Grecja John Michael
9%
Hiszpania Jose Justicia
9%
Niemcy Kevin Troppmann
9%
Niemcy Leon Weber
9%
Niemcy Maximilian Czerwinski
9%
Holandia Patrick Dekker
9%
Włochy Andrea Micheletti
0%
Szwecja Anton Östlund
0%
Austria Bernhard Trinker
0%
Belgia Born Van Put
0%
Belgia Brian Raman
0%
Szwajcaria Bruno Stöckli
0%
Niemcy Christopher Toonders
0%
Holandia Damian Mol
0%
Holandia Damian Vetjens
0%
Rumunia Daniel Racoveanu
0%
Holandia Danny Van Klompenburg
0%
Kanada David Cameron
0%
Holandia Davy Proosten
0%
Holandia Dennie Olde Kalter
0%
Holandia Derk Telnekes
0%
Czechy Dominik Moravcik
0%
Niemcy Dominik Nebe
0%
Holandia Donny Scheurwater
0%
Holandia Dustin Straver
0%
Niemcy Florian Preis
0%
Włochy Francesco Marcone
0%
Niemcy Franz Roetzsch
0%
Holandia Gerko Tibbe
0%
Holandia Gilbert van der Meijden
0%
Holandia Gillian Koehoorn
0%
Belgia James Vanbesien
0%
Niemcy Jannes Bremermann
0%
Niemcy Jannis Barkhausen
0%
Holandia Jarno Bottenberg
0%
Holandia Javanico Jansen
0%
Holandia Jeffrey Keen
0%
Belgia Jeroen Caron
0%
Holandia Jeroen Mioch
0%
Hiszpania Jorge Garcia del Pozo
0%
Niemcy Kilian Hohnstedt
0%
Holandia Laurens Admiraal
0%
Niemcy Lenny Schlüter
0%
Holandia Levy Frauenfelder
0%
Niemcy Liam Maendl-Lawrance
0%
Czechy Lukas Unger
0%
Niemcy Marcel Althaus
0%
Niemcy Marcel Erba
0%
Holandia Marcel Otter
0%
Szwajcaria Marcel Walpen
0%
Holandia Mario Robbe
0%
Holandia Martijn Lageweg
0%
Holandia Martin Jongen
0%
Włochy Massimo Dante
0%
Niemcy Matthias Ehlers
0%
Holandia Michael Busscher
0%
Niemcy Michael Unterbuchner
0%
Czechy Michal Smejda
0%
Serbia Mladen Radosavljevic
0%
Niemcy Moritz Hilger
0%
Węgry Nandor Major
0%
Niemcy Nico Blum
0%
Francja Nicolas Thuillier
0%
Belgia Pascal Devroey
0%
Niemcy Pascal Wirotius
0%
Niemcy Patrick Klingelhoefer
0%
Austria Patrick Tringler
0%
Niemcy Paul Goyer
0%
Chorwacja Pero Ljubic
0%
Niemcy Philipp Schweder
0%
Austria Rainer Sturm
0%
Holandia Ricardo Ulrich
0%
Holandia Rohan Brouwers
0%
Holandia Ruben Mesters
0%
Holandia Sergio Krassen
0%
Holandia Sietse Lap
0%
Belgia Simon Teysen
0%
Niemcy Simon Trommler
0%
Belgia Stefaan Henderyck
0%
Holandia Stefan Dees
0%
Holandia Stefan Schroder
0%
Niemcy Steven Noster
0%
Niemcy Tim Scholz
0%
Chorwacja Tomislav Rosandic
0%
Szwecja Viktor Tingström
0%
Niemcy Yasa Guener
0%
Nie znaleziono quizów pasujących do podanych kryteriów
Rozkład punktacji
Procent ludzi z każdym wynikiem
Percentyl według liczby udzielonych odpowiedzi
Twoja historia wyników
Nie rozwiązałeś tego quizu